Zdaňovanie príjmov do 4000 Sk desaťpercentnou sadzbou dane

Príjmy, na ktoré sa 10 percentná sadzba dane vzťahuje. Zdanenie príjmov vo výške 10 percent. Zdanenie príjmov za príspevky do novín, časopisov, rozhlasu alebo televízie. Zrazenie a odvedenie dane.

Saved in:
Bibliographic Details
Main Author: Ďuriš, Jozef
Format: Book Chapter
Language:Slovak
Subjects:
Tags: Add Tag
No Tags, Be the first to tag this record!

MARC

LEADER 00000naa$a2200000$$$4500
001 0002917
005 20230927071854.1
041 0 |a slo 
044 |a SK 
245 1 0 |a Zdaňovanie príjmov do 4000 Sk desaťpercentnou sadzbou dane  |c aut. Jozef Ďuriš 
520 |a Príjmy, na ktoré sa 10 percentná sadzba dane vzťahuje. Zdanenie príjmov vo výške 10 percent. Zdanenie príjmov za príspevky do novín, časopisov, rozhlasu alebo televízie. Zrazenie a odvedenie dane. 
610 2 0 |a príjmy 
610 2 0 |a zdaňovanie 
610 2 0 |a sadzby daňové 
100 1 |a Ďuriš, Jozef